000 01330cad a22002055a 4500
001 L158090
008 140501s2014 xxk f 000 0 eng d
035 _a(Sirsi) u158090
041 0 _aeng
110 2 _aUnited Kingdom
_bDepartment of Energy and Climate Change
_95850
245 0 0 _aGreen Deal Incentives Research
_bResearch with Home Buyers conducted by TNS BMRB for DECC
_h[electronic resource]
260 _aLondon
_bDECC
_c2014
520 _aQualitative research designed to build the evidence base around recent home buyers and inform decisions around the design and presentation of the Green Deal incentive scheme. Aims to understand views on areas including how motivating the overall proposition is of an incentive to make energy saving improvements, customers attitudes to the various high level options for the incentives scheme and what tools, information and support do customers need in order to make a decision to take action to make energy saving improvements.
590 _aKA
651 4 _aUnited Kingdom
690 _aEnergy
_96237
690 _aSustainability
_96271
856 4 0 _uhttps://www.gov.uk/government/uploads/system/uploads/attachment_data/file/307732/DECC_Green_Deal_Incentives_Research_with_Home_buyers_v1_0_Final_010514.pdf
_zView the item free of charge at www.gov.uk/government
942 _n0
999 _c115133
_d115133